|
|
|
|
| LEADER |
01495nam a2200373Ia 4500 |
| 001 |
EBC476189 |
| 003 |
MiAaPQ |
| 005 |
20200520144314.0 |
| 006 |
m o d | |
| 007 |
cr cn||||||||| |
| 008 |
041130s2005 caua s 001 0 eng d |
| 020 |
|
|
|z 0821358138
|
| 035 |
|
|
|a (MiAaPQ)EBC476189
|
| 035 |
|
|
|a (Au-PeEL)EBL476189
|
| 035 |
|
|
|a (CaPaEBR)ebr10069711
|
| 035 |
|
|
|a (CaONFJC)MIL1158632
|
| 035 |
|
|
|a (OCoLC)727645656
|
| 040 |
|
|
|a MiAaPQ
|c MiAaPQ
|d MiAaPQ
|
| 050 |
|
4 |
|a HF1770.5
|b .L43 2005
|
| 100 |
1 |
|
|a Lederman, Daniel,
|d 1968-
|
| 245 |
1 |
0 |
|a Lessons from NAFTA for Latin America and the Caribbean
|h [electronic resource] /
|c Daniel Lederman, William F. Maloney , Luis Serven.
|
| 260 |
|
|
|a Palo Alto, CA :
|b Stanford University Press ;
|a Washington, D.C. :
|b World Bank,
|c 2005.
|
| 300 |
|
|
|a xx, 407 p. :
|b ill.
|
| 490 |
1 |
|
|a Latin American development forum series
|
| 500 |
|
|
|a Includes bibliographical references and index.
|
| 533 |
|
|
|a Electronic reproduction. Ann Arbor, MI : ProQuest, 2015. Available via World Wide Web. Access may be limited to ProQuest affiliated libraries.
|
| 650 |
|
0 |
|a Free trade
|z Latin America.
|
| 651 |
|
0 |
|a Latin America
|x Commercial policy.
|
| 655 |
|
4 |
|a Electronic books.
|
| 700 |
1 |
|
|a Maloney, William F.
|q (William Francis),
|d 1959-
|
| 700 |
1 |
|
|a Serven, Luis.
|
| 710 |
2 |
|
|a ProQuest (Firm)
|
| 830 |
|
0 |
|a Latin American development forum.
|
| 856 |
4 |
0 |
|u https://ebookcentral.proquest.com/lib/matrademy/detail.action?docID=476189
|z Click to View
|